Rozprávky z dreva o výstave Lesníckeho a drevárskeho múzea Vianočné motívy XII vo Zvolene - hračky z dreva

Bibliographic Details
Main Author: Rošková, Mária, 1954- (Author)
Format: Article
Language:Slovak
ISSN:1335-4515
Subjects:

MARC

LEADER 00000nab a2200000 a 4500
001 vtls000792359
003 SK-MaSNL
005 20260303210813.0
008 180206c2002 xo 0 slo
015 |a SNBRB2002/05-15330 
035 |a CLN000144014 
040 |a SNKBUCL  |b slo  |c SNKBUCL  |e AACR2 
041 0 |a slo 
044 |a xo  |c SK 
080 |a 688.72:674.5:745.51  |2 UDC-MRF-SK2 
080 |a 674.5  |2 UDC-MRF-SK2 
080 |a 745.51  |2 UDC-MRF-SK2 
100 1 |a Rošková, Mária,  |d 1954-  |4 aut  |9 341444 
245 1 0 |a Rozprávky z dreva  |b o výstave Lesníckeho a drevárskeho múzea Vianočné motívy XII vo Zvolene - hračky z dreva  |c Mária Rošková 
610 2 7 |a Lesnícke a drevárske múzeum (Zvolen, Slovensko)  |2 snkbucl  |9 33135 
650 0 7 |a hračky drevené  |z Slovensko  |x výstavy  |x 2001  |2 snkbucl  |9 1242976 
655 7 |a články z novín a časopisov  |2 snkbucl  |9 267496 
773 0 |x 1335-4515  |t Národná osveta  |g Roč. 11, č. 1 (2002), s. 21 
850 |a Slovenská národná knižnica v Martine 
852 |a SNK  |b KIS3GCP 
958 |a RBX 
999 |c 2201837  |d 2203767